00309nam a2200121Ia 45000030006000000080041000060400015000471000042000622450030001042600024001345460012001580050017001700STCL150530s9999 xx 000 0 und d aSTCLcSTCL aNorbert Casteret; Barrows Mussey; Trs aTen years under the earth bReaders Unionc1940 aEnglish20220125170651.0